| 000 | 00798nam a2200217Ia 4500 | ||
|---|---|---|---|
| 003 | GCL | ||
| 008 | 140319s9999 xx 000 0 ara d | ||
| 020 | _a4198099906 | ||
| 040 |
_aGCL / _cGCL |
||
| 082 | 0 | 4 |
_aد _b153.9 _bم ذ |
| 100 | 1 | _aمحمد طه | |
| 245 | 1 | 0 |
_aالذكاء الانسانى ( عالم المعرفة 330 اغسطس 2006 ) : _bاتجاهات معاصرة وقضايا نقدية / _cمحمد طه |
| 260 |
_aالكويت : _bالمجلس الوطنى للثقافة والفنون والاداب ، _c2006 |
||
| 300 |
_a336 ص ؛ _c16 سم |
||
| 490 |
_aعالم المعرفة _v330 |
||
| 650 | 0 | 4 | _aالذكاء |
| 650 | 0 | 4 | _aاختبارات الذكاء |
| 650 | 0 | 4 | _aالاختبارات النفسية |
| 650 | 0 | 4 | _aالقياس النفسى |
| 942 |
_2ddc _cBK |
||
| 999 |
_c8824 _d8824 |
||